000 00515nam a2200181Ia 4500
003 IN-BaIIA
008 211028s9999 xx 000 0 eng d
040 _cIIA Library
080 _a519.6
_bSHA
100 _aSharma, S. D
_921629
245 0 _aOperations research
_cS. D. Sharma
250 _a11th ed.
260 _aMeerut
_bKedar Nath Ramnath
_c1997
300 _a[various pagings.]
650 _aOperations research
_91657
650 _aStatistics
942 _cBK
999 _c12371
_d12371